000
00323nam a2200121Ia 4500
008
240624s9999 xx 000 0 und d
041
_a
eng
082
_a
658.4013 MOD
100
_a
MODY SURESH M
245
_a
STATISTICAL PROCESS CONTROL AND RELATED
260
_c
1996
_a
Mumbai
_b
D.L. Shah Trust
300
_a
118 : p. : cm. ; 24
999
_c
9317
_d
9317